Essentials of human resource management / (Record no. 10788)
[ view plain ]
| 000 -LEADER | |
|---|---|
| fixed length control field | 00752nam a22002295a 4500 |
| 001 - CONTROL NUMBER | |
| control field | 14292367 |
| 005 - DATE AND TIME OF LATEST TRANSACTION | |
| control field | 20060308153113.0 |
| 008 - FIXED-LENGTH DATA ELEMENTS--GENERAL INFORMATION | |
| fixed length control field | 060308s2006 mau 000 0 eng |
| 010 ## - LIBRARY OF CONGRESS CONTROL NUMBER | |
| LC control number | 2006923608 |
| 040 ## - CATALOGING SOURCE | |
| Original cataloging agency | DLC |
| Transcribing agency | DLC |
| 042 ## - AUTHENTICATION CODE | |
| Authentication code | pcc |
| 082 ## - DEWEY DECIMAL CLASSIFICATION NUMBER | |
| Edition number | 22 |
| Classification number | 658.3 |
| Item number | TYS |
| 100 1# - MAIN ENTRY--PERSONAL NAME | |
| Personal name | Tyson, Shaun. |
| 245 10 - TITLE STATEMENT | |
| Title | Essentials of human resource management / |
| Statement of responsibility, etc | Shaun Tyson. |
| 250 ## - EDITION STATEMENT | |
| Edition statement | 5th ed. |
| 260 ## - PUBLICATION, DISTRIBUTION, ETC. (IMPRINT) | |
| Place of publication, distribution, etc | Boston, MA : |
| Name of publisher, distributor, etc | Elsevier, |
| Date of publication, distribution, etc | 2006. |
| 263 ## - PROJECTED PUBLICATION DATE | |
| Projected publication date | 0605 |
| 300 ## - PHYSICAL DESCRIPTION | |
| Extent | 464p.: |
| Other physical details | ill.; |
| Dimensions | 20 cm. |
| 942 ## - ADDED ENTRY ELEMENTS (KOHA) | |
| Source of classification or shelving scheme | Dewey Decimal Classification |
| Item type | Book - Borrowing |
| Withdrawn status | Item status | Source of classification or shelving scheme | Damaged status | Not for loan | Vendor | Home library | Current library | Shelving location | Date acquired | Source of acquisition | Cost, normal purchase price | Serial Enumeration / chronology | Total Checkouts | Total Renewals | Full call number | Barcode | Date last seen | Date last borrowed | Koha item type |
|---|---|---|---|---|---|---|---|---|---|---|---|---|---|---|---|---|---|---|---|
| Dewey Decimal Classification | Alahram | Central Library | Central Library | First floor | 10/02/2009 | 294.50 | 6460 | 6 | 5 | 658.3 TYS | 000014772 | 15/07/2025 | 30/10/2018 | Book - Borrowing |